000
00193 a2200097 4500
001
9403
100
_a
gunston, W T
245
_a
Flight handbook
260
_a
_b
Iliffe
_c
090
_c
7560
_d
7560
942
_a
NUST-CAE
_c
M
_c
34223
999
_c
244476
_d
244476